[Event "XX Cracovia-open B"]
[Site "Krakow"]
[Date "2009.12.27"]
[Round "1.1"]
[White "Byrka, Joanna"]
[Black "Balinski, Damian"]
[Result "1/2-1/2"]
[WhiteElo "1772"]
[BlackElo "2096"]
[PlyCount "83"]
[EventDate "2009.??.??"]

1. e4 d5 2. exd5 Nf6 3. d4 Nxd5 4. Nf3 g6 5. Bd3 Bg7 6. c3 O-O 7. O-O Nc6 8.
Nbd2 e5 9. Nb3 exd4 10. Nbxd4 Nxd4 11. Nxd4 Re8 12. Bc4 Nb6 13. Bb3 c5 14. Nf3
Qc7 15. Be3 Bg4 16. h3 Rad8 17. Qe2 Bf5 18. Rad1 Bh6 19. Rxd8 Qxd8 20. Rd1 Qe7
21. Re1 Qc7 22. Qd2 Bg7 23. Bf4 Rxe1+ 24. Qxe1 Qd7 25. Be5 c4 26. Bd1 Bxe5 27.
Nxe5 Qd6 28. Nf3 Nd7 29. Nd4 Bd3 30. Bf3 Nc5 31. Nb5 Qf6 32. Qe3 Na4 33. Qxa7
Nxb2 34. Qxb7 Bf5 35. Qb8+ Kg7 36. Nd6 Qxc3 37. Nxf5+ gxf5 38. Qg3+ Kf8 39.
Qd6+ Kg7 40. Qg3+ Kf8 41. Qd6+ Kg7 42. Qg3+ 1/2-1/2

[Event "XX Cracovia-open B"]
[Site "Krakow"]
[Date "2009.12.27"]
[Round "1.2"]
[White "Lis, Marek"]
[Black "Matysiak, Samuel"]
[Result "1-0"]
[WhiteElo "2094"]
[BlackElo "1768"]
[PlyCount "53"]
[EventDate "2009.??.??"]

1. e4 c5 2. Nf3 e6 3. d4 cxd4 4. Nxd4 a6 5. Nc3 Qc7 6. Bd3 Nc6 7. Nb3 Nf6 8.
O-O d6 9. Qe2 Be7 10. f4 O-O 11. Bd2 b5 12. Rae1 Bb7 13. e5 Nd7 14. exd6 Bxd6
15. Ne4 Be7 16. Qh5 Nb4 17. Bxb4 Bxb4 18. c3 Bxe4 19. Bxe4 Nf6 20. Bxh7+ Kh8
21. Qh3 Bc5+ 22. Nxc5 Qxc5+ 23. Rf2 Nxh7 24. Re5 Qa7 25. Rh5 f6 26. Rxh7+ Kg8
27. Qh5 1-0

[Event "XX Cracovia-open B"]
[Site "Krakow"]
[Date "2009.12.27"]
[Round "1.3"]
[White "Strzembosz, Wiktor"]
[Black "Helaszek, Edward"]
[Result "0-1"]
[WhiteElo "1767"]
[BlackElo "2092"]
[PlyCount "28"]
[EventDate "2009.??.??"]

1. e4 d6 2. d4 Nf6 3. Bd3 e5 4. c3 Nc6 5. Ne2 d5 6. Bg5 exd4 7. exd5 Qxd5 8.
Bxf6 gxf6 9. cxd4 Qxg2 10. Rg1 Qxh2 11. d5 Ne5 12. Bb5+ c6 13. dxc6 Nf3+ 14.
Kf1 Bh3+ 0-1

[Event "XX Cracovia-open B"]
[Site "Krakow"]
[Date "2009.12.27"]
[Round "1.4"]
[White "Krasiewicz, Robert"]
[Black "Kiolbasa, Damian"]
[Result "1/2-1/2"]
[WhiteElo "2092"]
[BlackElo "1766"]
[PlyCount "178"]
[EventDate "2009.??.??"]

1. d4 Nf6 2. c4 g6 3. Nc3 Bg7 4. e4 d6 5. f4 O-O 6. Nf3 c5 7. dxc5 Qa5 8. Bd3
Qxc5 9. Qe2 Bg4 10. Be3 Qa5 11. O-O Nc6 12. Rac1 Nd7 13. Qf2 Nc5 14. Bb1 Bxf3
15. gxf3 Qb4 16. Kh1 Qxc4 17. Nd5 Qa4 18. b3 Qa3 19. b4 Nxb4 20. Bxc5 dxc5 21.
Qxc5 a5 22. Nxe7+ Kh8 23. Rcd1 b6 24. Qd6 Qe3 25. f5 Rfe8 26. f6 Bh6 27. Qd4
Qxd4 28. Rxd4 Bf8 29. a3 Bxe7 30. fxe7 Nc6 31. Rd6 Nxe7 32. Rxb6 Reb8 33. Rxb8+
Rxb8 34. Ba2 Kg7 35. Rd1 Rb2 36. Bc4 Rc2 37. Bb5 Rc3 38. Rd7 Nc8 39. Kg2 Rxa3
40. Bc4 Nb6 41. Rxf7+ Kg8 42. Be6 Kh8 43. Rb7 Na4 44. Kg3 Nc5 45. Rb8+ Kg7 46.
Bd5 Nd3 47. Rb7+ Kf6 48. Rf7+ Ke5 49. Rxh7 Kd4 50. Rf7 Ne5 51. Rf6 g5 52. h3
Rc3 53. Bb7 a4 54. Rd6+ Ke3 55. Ra6 a3 56. Ra5 Nxf3 57. Kg4 Nd2 58. Ra4 Nf3 59.
Kf5 Ng1 60. e5 Nxh3 61. e6 Rc7 62. Rxa3+ Kd4 63. Rxh3 Rxb7 64. Rg3 Rb1 65. Kf6
Rf1+ 66. Ke7 Rf5 67. Kd7 Rd5+ 68. Ke8 Ke4 69. e7 Kf4 70. Rg1 Re5 71. Rf1+ Kg3
72. Kf7 g4 73. Rf6 Rxe7+ 74. Kxe7 Kh2 75. Rh6+ Kg2 76. Ke6 g3 77. Ke5 Kg1 78.
Kf4 g2 79. Kf3 Kf1 80. Ra6 g1=N+ 81. Kg3 Ne2+ 82. Kf3 Nd4+ 83. Ke3 Nf5+ 84. Kf4
Nd4 85. Ke4 Nb3 86. Rc6 Ke1 87. Rc2 Kd1 88. Kd3 Nc1+ 89. Kc3 Ne2+ 1/2-1/2

[Event "XX Cracovia-open B"]
[Site "Krakow"]
[Date "2009.12.27"]
[Round "1.5"]
[White "Kuspak, Aleksander"]
[Black "Stanach, Fabian"]
[Result "0-1"]
[WhiteElo "1765"]
[BlackElo "2088"]
[PlyCount "76"]
[EventDate "2009.??.??"]

1. e4 c5 2. Nf3 g6 3. d4 cxd4 4. Nxd4 Nc6 5. Nxc6 bxc6 6. Bd3 Bg7 7. O-O d6 8.
c3 Nf6 9. Qe2 O-O 10. h3 Nd7 11. f4 Nc5 12. Bc2 Ba6 13. Qf2 Bxf1 14. Kxf1 Rb8
15. Nd2 a5 16. Nb3 Nxb3 17. axb3 Qc7 18. h4 e6 19. h5 d5 20. e5 c5 21. c4 Rfd8
22. hxg6 fxg6 23. Ra4 d4 24. Bd2 d3 25. Bd1 Ra8 26. Bf3 Ra7 27. Qe1 Qb8 28. Ra3
g5 29. g3 gxf4 30. gxf4 Rf8 31. Kg2 Bxe5 32. fxe5 Rg7+ 33. Kh2 Rxf3 34. Bh6 Qf8
35. Bxg7 Qf4+ 36. Kh1 Rh3+ 37. Kg1 Qh2+ 38. Kf1 Rf3+ 0-1

[Event "XX Cracovia-open B"]
[Site "Krakow"]
[Date "2009.12.27"]
[Round "1.6"]
[White "Czachor, Radoslaw"]
[Black "Mika, Tomasz"]
[Result "0-1"]
[WhiteElo "2076"]
[BlackElo "1759"]
[PlyCount "80"]
[EventDate "2009.??.??"]

1. e4 c5 2. Nf3 e6 3. d4 cxd4 4. Nxd4 Nf6 5. Nc3 Nc6 6. Ndb5 d6 7. Bf4 e5 8.
Be3 a6 9. Na3 Be6 10. Nc4 b5 11. Nb6 Rb8 12. Nbd5 Bxd5 13. exd5 Na5 14. a4 b4
15. Nb1 Qc8 16. Qd3 Ra8 17. Bb6 Nb7 18. Nd2 Be7 19. Ne4 Nd7 20. a5 O-O 21. h4
Nxb6 22. axb6 a5 23. Ng5 g6 24. Ne4 Nc5 25. Nxc5 Qxc5 26. h5 Bg5 27. b7 Rab8
28. Be2 Rxb7 29. Bg4 e4 30. Qh3 Qxc2 31. Rd1 Qxb2 32. Kf1 Qg7 33. Qb3 Qc3 34.
Qb1 e3 35. hxg6 hxg6 36. Qe4 Re7 37. Be6 fxe6 38. Qxg6+ Qg7 39. Qh5 exd5 40.
Rxd5 e2+ 0-1

[Event "XX Cracovia-open B"]
[Site "Krakow"]
[Date "2009.12.27"]
[Round "1.7"]
[White "Kuta, Krzysztof"]
[Black "Janus, Przemyslaw"]
[Result "0-1"]
[WhiteElo "1756"]
[BlackElo "2070"]
[PlyCount "94"]
[EventDate "2009.??.??"]

1. c4 e5 2. Nc3 Bb4 3. e4 Bxc3 4. bxc3 d6 5. d4 Nc6 6. d5 Nce7 7. g4 Ng6 8. Be3
Qh4 9. h3 h5 10. Nf3 Qe7 11. g5 f5 12. gxf6 Nxf6 13. Bg5 Qf7 14. Bd3 Nd7 15.
Be3 Nc5 16. Bc2 b6 17. Ng5 Qf6 18. Rg1 Nf4 19. Bxf4 Qxf4 20. Qf3 Qxf3 21. Nxf3
Bxh3 22. Rxg7 O-O-O 23. Ng5 Bd7 24. Nf7 Rdg8 25. Rxg8+ Rxg8 26. Ke2 Rg6 27. Rh1
Be8 28. Nxe5 dxe5 29. Rxh5 Re6 30. Rh8 Re7 31. Ke3 Kd7 32. Bd1 Rg7 33. Rh4 Kd6
34. Bg4 Na4 35. f4 exf4+ 36. Kd4 c5+ 37. dxc6 Bxc6 38. Bf3 Kc7 39. Rxf4 Rd7+
40. Ke5 Nxc3 41. a3 Nb1 42. Bg4 Re7+ 43. Kd4 Nxa3 44. e5 Nc2+ 45. Kd3 Nb4+ 46.
Kc3 Na6 47. e6 Nc5 0-1

[Event "XX Cracovia-open B"]
[Site "Krakow"]
[Date "2009.12.27"]
[Round "1.8"]
[White "Korniyuk, Mariya"]
[Black "Ziobro, Rafal"]
[Result "1-0"]
[WhiteElo "2064"]
[BlackElo "1756"]
[PlyCount "69"]
[EventDate "2009.??.??"]

1. e4 c5 2. c3 Nc6 3. d4 cxd4 4. cxd4 d6 5. Nc3 Nf6 6. f3 e6 7. Be3 Be7 8. Qd2
Bd7 9. O-O-O a5 10. g4 a4 11. Nge2 a3 12. b3 Rc8 13. Kb1 Nb4 14. g5 Nh5 15. Ng3
Nxg3 16. hxg3 Kf8 17. Rc1 d5 18. e5 g6 19. Rh2 Na6 20. Nd1 Kg7 21. Nf2 Rxc1+
22. Qxc1 Qa5 23. Ng4 Rc8 24. Qd1 Qc3 25. Bc1 Nb4 26. Nf6 Bxf6 27. gxf6+ Kg8 28.
Bxa3 Na6 29. Bb2 Qa5 30. Bxa6 Qxa6 31. a3 Bb5 32. Rxh7 Bd3+ 33. Ka1 b5 34. Rg7+
Kf8 35. Qh1 1-0

[Event "XX Cracovia-open B"]
[Site "Krakow"]
[Date "2009.12.27"]
[Round "1.9"]
[White "Jackowski, Dariusz"]
[Black "Apostu, Toader"]
[Result "0-1"]
[WhiteElo "1750"]
[BlackElo "2062"]
[PlyCount "92"]
[EventDate "2009.??.??"]

1. e4 c5 2. Nf3 Nc6 3. d4 cxd4 4. Nxd4 Nf6 5. Nc3 e5 6. Ndb5 d6 7. Bg5 a6 8.
Na3 Be6 9. Nd5 Bxd5 10. exd5 Qa5+ 11. c3 Qxd5 12. Qxd5 Nxd5 13. O-O-O Nf6 14.
Nc4 Rd8 15. Nb6 Be7 16. Bd3 O-O 17. Rhe1 Ng4 18. Be3 Nxe3 19. fxe3 g6 20. Nd5
Kg7 21. Be4 f5 22. Bf3 Rf7 23. Nc7 Rc8 24. Bxc6 bxc6 25. Nxa6 c5 26. b4 cxb4
27. Nxb4 Rxc3+ 28. Kb2 Rc5 29. a4 Bf8 30. Rc1 Rb7 31. Ka3 d5 32. Rxc5 Bxc5 33.
Rb1 Kf7 34. a5 Ke6 35. Ka4 Kd6 36. a6 Rb8 37. Rb3 g5 38. g3 g4 39. Nc2 Rb6 40.
Rxb6+ Bxb6 41. Kb5 Ba7 42. Nb4 Bxe3 43. Nc6 f4 44. gxf4 exf4 45. Nd8 f3 46.
Nb7+ Kc7 0-1

[Event "XX Cracovia-open B"]
[Site "Krakow"]
[Date "2009.12.27"]
[Round "1.10"]
[White "Nikitin, Aleksander I"]
[Black "Damian, Stanislaw"]
[Result "1-0"]
[WhiteElo "2060"]
[BlackElo "1749"]
[PlyCount "97"]
[EventDate "2009.??.??"]

1. d4 Nf6 2. Nf3 e6 3. e3 b6 4. Bd3 Ba6 5. c4 d5 6. Nbd2 dxc4 7. Nxc4 Bb4+ 8.
Bd2 Bxd2+ 9. Qxd2 O-O 10. b4 Nbd7 11. a4 Bb7 12. O-O Be4 13. Bxe4 Nxe4 14. Qc2
Nef6 15. Rab1 Ne8 16. Rfc1 f6 17. Nb2 Qe7 18. Nd3 g5 19. b5 a5 20. Qb3 Rf7 21.
Rc6 Nf8 22. Rbc1 Rd8 23. Nd2 Rd7 24. f4 h6 25. Rf1 Rd6 26. Rc2 Ng6 27. Ne4 Rd7
28. Rcf2 Nd6 29. Ng3 Kh8 30. Qc2 Nh4 31. fxg5 hxg5 32. e4 Ne8 33. Ne5 Rxd4 34.
Nxf7+ Qxf7 35. Rd2 Rxd2 36. Qxd2 Qe7 37. Qd4 Ng6 38. Nh5 e5 39. Qc4 Nd6 40. Qc6
Nf4 41. Ng3 Ne6 42. Qd5 Nf4 43. Qd1 Nc4 44. Nf5 Qc5+ 45. Kh1 Nd6 46. Rxf4 gxf4
47. Qh5+ Kg8 48. Qg6+ Kf8 49. Qg7+ 1-0

[Event "XX Cracovia-open B"]
[Site "Krakow"]
[Date "2009.12.28"]
[Round "2.1"]
[White "Rychlik, Bogdan"]
[Black "Lis, Marek"]
[Result "0-1"]
[WhiteElo "1895"]
[BlackElo "2094"]
[PlyCount "74"]
[EventDate "2009.??.??"]

1. e4 c5 2. Nf3 d6 3. d4 cxd4 4. Nxd4 Nf6 5. Nc3 a6 6. Bg5 e6 7. f4 Qc7 8. Qf3
b5 9. Bd3 Bb7 10. O-O-O b4 11. Na4 Nbd7 12. b3 Be7 13. Rhe1 O-O 14. g4 Rfc8 15.
Kb1 h6 16. h4 Nc5 17. Nxc5 Qxc5 18. Ne2 hxg5 19. hxg5 Nxe4 20. Qh3 Bxg5 21.
fxg5 Nxg5 22. Qh4 Be4 23. Rh1 Bxh1 24. Rxh1 Kf8 25. Qh8+ Ke7 26. Qxg7 Qe5 27.
Qxe5 dxe5 28. Ng3 a5 29. Re1 f6 30. Nh5 Rf8 31. Bc4 Rad8 32. Kb2 Rd2 33. Re3
Rg2 34. Be2 Rd8 35. Ng3 Rd2 36. Bd3 e4 37. Nxe4 Rxd3 0-1

 37. Nxe4 Rxd3 0-1

[Event "XX Cracovia-open B"]
[Site "Krakow"]
[Date "2009.12.28"]
[Round "2.2"]
[White "Helaszek, Edward"]
[Black "Mucha, Magdalena"]
[Result "1-0"]
[WhiteElo "2092"]
[BlackElo "1895"]
[PlyCount "67"]
[EventDate "2009.??.??"]

1. e4 c5 2. Nf3 Nc6 3. d4 cxd4 4. Nxd4 e5 5. Nb5 d6 6. c4 Be7 7. b3 a6 8. N5c3
Be6 9. Bb2 Nf6 10. Bd3 O-O 11. O-O Nd7 12. Na3 Nc5 13. Nc2 g6 14. Ne3 f5 15.
Ned5 Bg5 16. Bb1 Rc8 17. exf5 Bxf5 18. Bxf5 Rxf5 19. b4 Ne6 20. Ne2 Rf7 21. Qb3
b5 22. cxb5 axb5 23. Rad1 Bh6 24. f4 exf4 25. Nexf4 Nxf4 26. Nxf4 Qb6+ 27. Kh1
Nd8 28. Nd5 Qb7 29. Nf6+ Kf8 30. Nxh7+ Kg8 31. Nf6+ Kf8 32. Qd3 Qe7 33. Qxg6
Bg7 34. Nd5 1-0

6
Bg7 34. Nd5 1-0

[Event "XX Cracovia-open B"]
[Site "Krakow"]
[Date "2009.12.28"]
[Round "2.3"]
[White "Stanach, Fabian"]
[Black "Nasuta, Andrzej"]
[Result "1-0"]
[WhiteElo "2088"]
[BlackElo "1895"]
[PlyCount "55"]
[EventDate "2009.??.??"]

1. Nf3 d5 2. g3 g6 3. Bg2 Bg7 4. c4 e6 5. O-O Ne7 6. d4 O-O 7. Nc3 Nd7 8. e4
dxc4 9. Qe2 Nb6 10. Rd1 c6 11. Bf4 f5 12. Be5 Qe8 13. a4 fxe4 14. Nxe4 Nbd5 15.
Qxc4 Bxe5 16. dxe5 Nf5 17. h3 Qe7 18. Nh2 Qc7 19. Ng4 Qb6 20. Qc1 Kg7 21. Ngf6
Qd8 22. Qg5 Qc7 23. g4 Nfe7 24. Ng3 h6 25. Ngh5+ Kf7 26. Qxh6 Nxf6 27. Qg7+ Ke8
28. Nxf6+ 1-0

Ke8
28. Nxf6+ 1-0

[Event "XX Cracovia-open B"]
[Site "Krakow"]
[Date "2009.12.28"]
[Round "2.4"]
[White "Janus, Przemyslaw"]
[Black "Lis, Marcelina"]
[Result "1-0"]
[WhiteElo "2070"]
[BlackElo "1894"]
[PlyCount "97"]
[EventDate "2009.??.??"]

1. d4 d5 2. c4 e6 3. Nc3 Nf6 4. Bg5 Be7 5. Nf3 O-O 6. e3 b6 7. Rc1 Bb7 8. Bd3
dxc4 9. Bxc4 c5 10. O-O Nc6 11. dxc5 Bxc5 12. Qe2 Be7 13. Rfd1 Qb8 14. Bf4 e5
15. Bg3 Nh5 16. Nd5 Nxg3 17. hxg3 Re8 18. Bb5 Bc5 19. b4 Nxb4 20. Nxb4 Bxb4 21.
Bxe8 Qxe8 22. Qb2 e4 23. Nd4 Bf8 24. Rc7 Rb8 25. Rdc1 Bd6 26. R7c2 Bc5 27. Qb5
Qxb5 28. Nxb5 a6 29. Nd4 Kf8 30. Rb1 Ke8 31. Nf5 Kd7 32. Nxg7 Rc8 33. Nf5 Bd5
34. Rd1 Ke6 35. Ne7 Rd8 36. Nxd5 Rxd5 37. Rxd5 Kxd5 38. Kf1 b5 39. Ke2 a5 40.
f3 f5 41. g4 fxg4 42. fxe4+ Kd6 43. Kd3 Bb6 44. Rc8 b4 45. Rb8 Kc6 46. e5 Bc7
47. Ra8 Kd5 48. Ra7 Bd8 49. Rd7+ 1-0

7 Bd8 49. Rd7+ 1-0

[Event "XX Cracovia-open B"]
[Site "Krakow"]
[Date "2009.12.28"]
[Round "2.5"]
[White "Budzinski, Jan"]
[Black "Korniyuk, Mariya"]
[Result "1/2-1/2"]
[WhiteElo "1887"]
[BlackElo "2064"]
[PlyCount "72"]
[EventDate "2009.??.??"]

1. e4 e5 2. Nf3 Nc6 3. Bb5 g6 4. c3 a6 5. Ba4 d6 6. O-O Bg7 7. d4 Bd7 8. Re1
Nge7 9. Be3 O-O 10. Na3 h6 11. Qd2 Kh7 12. dxe5 Nxe5 13. Nxe5 Bxa4 14. Nd3 Qd7
15. f3 Rae8 16. Bf2 f5 17. exf5 Nxf5 18. Nc4 h5 19. f4 Qf7 20. Ne3 Bc6 21. Nb4
Be4 22. Nbc2 Bh6 23. g3 g5 24. Nxf5 Qxf5 25. Nd4 Qh3 26. Rxe4 Rxe4 27. fxg5 Bg7
28. Re1 Rxe1+ 29. Qxe1 Be5 30. Qe4+ Kh8 31. Qg6 Rxf2 32. Kxf2 Qxh2+ 33. Kf1
Qh3+ 34. Ke2 Bxd4 35. cxd4 Qg4+ 36. Kd3 Qf3+ 1/2-1/2

. Kd3 Qf3+ 1/2-1/2

[Event "XX Cracovia-open B"]
[Site "Krakow"]
[Date "2009.12.28"]
[Round "2.6"]
[White "Apostu, Toader"]
[Black "Ociepka, Tomasz"]
[Result "1/2-1/2"]
[WhiteElo "2062"]
[BlackElo "1885"]
[PlyCount "82"]
[EventDate "2009.??.??"]

1. e4 Nf6 2. e5 Nd5 3. c4 Nb6 4. c5 Nd5 5. Bc4 e6 6. d4 d6 7. cxd6 cxd6 8. Nc3
Nxc3 9. bxc3 dxe5 10. Ne2 Nc6 11. O-O Be7 12. Be3 O-O 13. Qc2 exd4 14. cxd4 Bf6
15. Rad1 Nb4 16. Qb3 Nd5 17. Ng3 b6 18. f4 Nxe3 19. Qxe3 Bb7 20. Ne4 Rc8 21.
Bb3 Rc7 22. f5 exf5 23. Rxf5 Bxe4 24. Qxe4 Rd7 25. d5 Re8 26. Qg4 Rd6 27. Rdf1
b5 28. R5f3 a5 29. Bc2 Qc8 30. Qg3 Qd8 31. Rf5 Bd4+ 32. Kh1 Rf6 33. Qd3 g6 34.
Rxf6 Bxf6 35. Qxb5 Re5 36. Bb3 Kg7 37. Qc6 Be7 38. h3 Bd6 39. Qa6 Qc7 40. Qd3
Qe7 41. Qd2 Bb4 1/2-1/2

1. Qd2 Bb4 1/2-1/2

[Event "XX Cracovia-open B"]
[Site "Krakow"]
[Date "2009.12.28"]
[Round "2.7"]
[White "Poswiatowski, Michal"]
[Black "Nikitin, Aleksander I"]
[Result "0-1"]
[WhiteElo "1881"]
[BlackElo "2060"]
[PlyCount "70"]
[EventDate "2009.??.??"]

1. e4 d5 2. exd5 Qxd5 3. Nc3 Qd6 4. d4 c6 5. Nge2 Bg4 6. f3 Bf5 7. Ne4 Bxe4 8.
fxe4 e5 9. c3 Nd7 10. g3 Ngf6 11. Bg2 Qc7 12. O-O Bd6 13. Qc2 O-O 14. Bg5 h6
15. Bd2 Rae8 16. Rae1 Re7 17. Kh1 Rfe8 18. Nc1 Nh7 19. Nd3 Nhf8 20. Nf2 Ne6 21.
Qd3 Nf6 22. Nd1 Rd7 23. d5 cxd5 24. exd5 Nc5 25. Qf5 e4 26. b4 Re5 27. Qf2 Nd3
28. Qxa7 Nxe1 29. Rxe1 Rxd5 30. Be3 Bxg3 31. Nf2 Rh5 32. h3 Qd6 33. Qa3 Bxf2
34. Bxf2 Qd2 35. Bxe4 Rxh3+ 0-1

35. Bxe4 Rxh3+ 0-1

[Event "XX Cracovia-open B"]
[Site "Krakow"]
[Date "2009.12.28"]
[Round "2.8"]
[White "Pietinen, Pekka"]
[Black "Czapiewski, Waldemar"]
[Result "1-0"]
[WhiteElo "2055"]
[BlackElo "1871"]
[PlyCount "91"]
[EventDate "2009.??.??"]

1. e4 c5 2. Nf3 d6 3. d4 cxd4 4. Nxd4 Nf6 5. f3 g6 6. c4 Bg7 7. Nc3 Nc6 8. Nc2
h5 9. Be3 Be6 10. Qd2 Rc8 11. Rc1 O-O 12. Be2 b6 13. O-O Nh7 14. Bh6 f6 15. Be3
Bf7 16. Rfd1 g5 17. b3 Kh8 18. Nd4 Nxd4 19. Bxd4 Rg8 20. Nd5 Bh6 21. Be3 Qe8
22. a4 Be6 23. a5 bxa5 24. Qxa5 Bxd5 25. exd5 Qf8 26. Qxa7 g4 27. f4 Qg7 28. g3
Nf8 29. Bd3 h4 30. Bf5 Re8 31. b4 Ng6 32. Qd4 Rgf8 33. Qe4 Ne5 34. fxe5 fxe5
35. Rf1 Rf6 36. Qd3 Ref8 37. Be4 Rxf1+ 38. Rxf1 Rxf1+ 39. Kxf1 hxg3 40. hxg3
Qf7+ 41. Kg1 Qh5 42. Qd2 Bxe3+ 43. Qxe3 Kg7 44. c5 dxc5 45. bxc5 Qe8 46. Qg5+
1-0

[Event "XX Cracovia-open B"]
[Site "Krakow"]
[Date "2009.12.28"]
[Round "2.9"]
[White "Feliksinski, Tadeusz"]
[Black "Kardys, Zbigniew"]
[Result "1-0"]
[WhiteElo "1858"]
[BlackElo "2050"]
[PlyCount "117"]
[EventDate "2009.??.??"]

1. e4 c5 2. Nf3 e6 3. d4 cxd4 4. Nxd4 Nc6 5. Nc3 a6 6. Be2 Qc7 7. O-O Nf6 8.
Be3 Be7 9. f4 d6 10. a3 O-O 11. Kh1 e5 12. Nb3 exf4 13. Bxf4 Be6 14. Nd4 Nxd4
15. Qxd4 Nd7 16. Rad1 Ne5 17. Nd5 Bxd5 18. Bxe5 dxe5 19. Qxd5 Rad8 20. Qb3 Rxd1
21. Rxd1 Rd8 22. Bd3 Rd4 23. Rf1 Bf6 24. h3 h6 25. Rf3 Qc6 26. c3 Rd7 27. Qc2
Bg5 28. Qe2 Qd6 29. g3 Bd8 30. Bc4 Qd2 31. Qxd2 Rxd2 32. Bxf7+ Kh7 33. b4 Bf6
34. c4 b6 35. h4 a5 36. h5 axb4 37. Bg6+ Kg8 38. axb4 Kf8 39. Ra3 Ke7 40. Ra7+
Rd7 41. Ra6 Rc7 42. Rxb6 Rxc4 43. Bf5 Rc2 44. b5 Rb2 45. Be6 Bg5 46. Bd5 Be3
47. Rb7+ Kd8 48. Bc6 Bd4 49. Rd7+ Kc8 50. Rxg7 Rc2 51. Rg6 Be3 52. Re6 Rc5 53.
Kg2 Kc7 54. Kf3 Rc3 55. Kg4 Bf2 56. Rxh6 Rxg3+ 57. Kf5 Bd4 58. Rh7+ Kb6 59. h6
1-0

7+ Kb6 59. h6
1-0

[Event "XX Cracovia-open B"]
[Site "Krakow"]
[Date "2009.12.28"]
[Round "2.10"]
[White "Banaszkiewicz, Mikolaj"]
[Black "Sleczka, Bartosz"]
[Result "1-0"]
[WhiteElo "2047"]
[BlackElo "1851"]
[PlyCount "83"]
[EventDate "2009.??.??"]

1. c4 e6 2. d4 d5 3. Nc3 Nf6 4. Bg5 Nbd7 5. e3 Be7 6. Nf3 c6 7. cxd5 exd5 8.
Qc2 O-O 9. Bd3 Re8 10. O-O h6 11. Bf4 b6 12. Nb5 Bb7 13. Nc7 Rc8 14. Nxe8 Qxe8
15. Ne5 c5 16. Qa4 Nxe5 17. Qxe8+ Nxe8 18. Bxe5 f6 19. Bf4 g5 20. Bg3 Ng7 21.
f4 g4 22. Rac1 c4 23. Be2 f5 24. e4 fxe4 25. Bxg4 Rf8 26. f5 Bc8 27. f6 Bxf6
28. Rxf6 Bxg4 29. Rxh6 Be2 30. Be5 e3 31. Rg6 Rf7 32. Re1 Bd3 33. Rxg7+ Rxg7
34. Bxg7 Kxg7 35. Rxe3 Be4 36. Kf2 Kf6 37. h4 b5 38. Ra3 b4 39. Rxa7 c3 40.
bxc3 bxc3 41. Rc7 c2 42. Ke3 1-0

Rc7 c2 42. Ke3 1-0

[Event "XX Cracovia-open B"]
[Site "Krakow"]
[Date "2009.12.29"]
[Round "3.1"]
[White "Lis, Marek"]
[Black "Sajtyna, Krzysztof"]
[Result "1/2-1/2"]
[WhiteElo "2094"]
[BlackElo "1954"]
[PlyCount "75"]
[EventDate "2009.??.??"]

1. e4 c5 2. Nf3 Nc6 3. d4 cxd4 4. Nxd4 e5 5. Nb5 a6 6. Nd6+ Bxd6 7. Qxd6 Qf6 8.
Qd2 Qg6 9. Nc3 d5 10. Qg5 Nge7 11. exd5 Nb4 12. Bd3 Nxd3+ 13. cxd3 Qxg5 14.
Bxg5 f6 15. Be3 Bf5 16. d4 e4 17. d6 Nc8 18. Nd5 Kd7 19. Bf4 Be6 20. Nc7 Rb8
21. Nxe6 Kxe6 22. O-O Nxd6 23. Rfe1 Rbc8 24. d5+ Kd7 25. Bxd6 Kxd6 26. Rxe4 Rc2
27. Rb4 b5 28. a4 Kc5 29. Rg4 b4 30. b3 g6 31. Rd1 Rd8 32. Kf1 a5 33. Rgd4 Rc3
34. d6 Rxb3 35. Rd5+ Kc4 36. R5d4+ Kc3 37. R4d3+ Kc4 38. Rd4+ 1/2-1/2

4 38. Rd4+ 1/2-1/2

[Event "XX Cracovia-open B"]
[Site "Krakow"]
[Date "2009.12.29"]
[Round "3.2"]
[White "Ciba, Przemyslaw"]
[Black "Helaszek, Edward"]
[Result "1-0"]
[WhiteElo "1964"]
[BlackElo "2092"]
[PlyCount "63"]
[EventDate "2009.??.??"]

1. Nf3 Nf6 2. d4 g6 3. e3 Bg7 4. Be2 O-O 5. Nbd2 d6 6. b3 e5 7. dxe5 Nfd7 8.
Bb2 dxe5 9. Nc4 Nc6 10. e4 f6 11. Qd5+ Kh8 12. Ba3 Rg8 13. O-O-O Bf8 14. Bb2
Qe8 15. a3 Nc5 16. Qd2 Nxe4 17. Qe3 Nd6 18. g4 Bxg4 19. Nxd6 cxd6 20. Rhg1 Be6
21. Rg2 Rc8 22. Rdg1 d5 23. Nd2 d4 24. Qd3 f5 25. Qh3 Bd6 26. Nf3 f4 27. Qh6
Bf8 28. Qh4 Be7 29. Ng5 Bxg5 30. Rxg5 Bf5 31. Rxf5 gxf5 32. Qf6+ 1-0

 gxf5 32. Qf6+ 1-0

[Event "XX Cracovia-open B"]
[Site "Krakow"]
[Date "2009.12.29"]
[Round "3.3"]
[White "Jedras, Piotr"]
[Black "Stanach, Fabian"]
[Result "1-0"]
[WhiteElo "1941"]
[BlackElo "2088"]
[PlyCount "63"]
[EventDate "2009.??.??"]

1. e4 c5 2. Nf3 g6 3. d4 cxd4 4. Qxd4 Nf6 5. e5 Nc6 6. Qa4 Nd5 7. Qe4 Nb6 8.
Bf4 Bg7 9. Nc3 d5 10. exd6 O-O 11. O-O-O Be6 12. Bg5 Qc8 13. dxe7 Re8 14. Qh4
a6 15. Bd3 Qc7 16. Rhe1 Nxe7 17. Nd4 Ned5 18. Nxe6 fxe6 19. Nxd5 Nxd5 20. Qc4
Qb6 21. Qb3 Qc5 22. Bc4 Nc7 23. Bf4 Rac8 24. Rd7 Qxf2 25. Rf1 Qc5 26. Bd6 Qc6
27. Rff7 Bh6+ 28. Kb1 Qxg2 29. Bxc7 Rxc7 30. Rxc7 Qxh2 31. a3 b5 32. Bxe6 1-0

a3 b5 32. Bxe6 1-0

[Event "XX Cracovia-open B"]
[Site "Krakow"]
[Date "2009.12.29"]
[Round "3.4"]
[White "Labus, Zbigniew"]
[Black "Janus, Przemyslaw"]
[Result "0-1"]
[WhiteElo "1941"]
[BlackElo "2070"]
[PlyCount "162"]
[EventDate "2009.??.??"]

1. e4 c5 2. c3 Nf6 3. e5 Nd5 4. d4 cxd4 5. Nf3 Nc6 6. cxd4 d6 7. Bc4 e6 8. O-O
Bd7 9. Qe2 Nb6 10. Bb3 Na5 11. Bc2 Bc6 12. Nc3 Bxf3 13. Qxf3 Nc6 14. Rd1 d5 15.
Be3 Qd7 16. Rac1 Nc4 17. b3 Nxe3 18. fxe3 Ba3 19. Rb1 Nb4 20. Bd3 Nxd3 21. Rxd3
Bb4 22. e4 Bxc3 23. Rxc3 dxe4 24. Qxe4 O-O 25. Rd1 Rad8 26. Rh3 h6 27. Rdd3 f5
28. exf6 Rxf6 29. Rhf3 Rxf3 30. Qxf3 Qb5 31. Qe4 Kh8 32. h3 Qb6 33. Kh1 Qa6 34.
Rd2 Rf8 35. Re2 Rf6 36. Kh2 Kg8 37. Qe5 Qb6 38. Rc2 Rf5 39. Rc8+ Kh7 40. Qe4
Qd6+ 41. Kg1 Kg6 42. Rc3 Qd5 43. Rg3+ Kf7 44. Qg4 Rg5 45. Qf4+ Qf5 46. Qc7+ Kg6
47. Rxg5+ Qxg5 48. Qc5 Qe3+ 49. Kf1 a6 50. Qc2+ Kg5 51. Qc4 Kf6 52. d5 exd5 53.
Qxd5 Qf4+ 54. Ke2 Qe5+ 55. Qxe5+ Kxe5 56. Ke3 g5 57. g4 a5 58. a3 b5 59. b4 a4
60. Kd3 Kd5 61. Kc3 Ke4 62. Kc2 Ke3 63. Kc3 Ke4 64. Kc2 Kf3 65. Kd3 Kg3 66. Kd4
Kxh3 67. Kc5 Kxg4 68. Kxb5 Kf5 69. Kxa4 Ke6 70. b5 Kd7 71. Ka5 Kc7 72. Ka6 Kb8
73. a4 g4 74. a5 g3 75. b6 g2 76. Kb5 g1=Q 77. Kc6 Qg6+ 78. Kb5 Qd3+ 79. Kb4
Qe4+ 80. Kc5 Qf5+ 81. Kd6 Qxa5 0-1

+ 81. Kd6 Qxa5 0-1

[Event "XX Cracovia-open B"]
[Site "Krakow"]
[Date "2009.12.29"]
[Round "3.5"]
[White "Nikitin, Aleksander I"]
[Black "Lewtak, Damian"]
[Result "1-0"]
[WhiteElo "2060"]
[BlackElo "1939"]
[PlyCount "93"]
[EventDate "2009.??.??"]

1. d4 d6 2. Nf3 Bg4 3. Bf4 g6 4. Nbd2 Bg7 5. c3 c6 6. h3 Bxf3 7. Nxf3 Nf6 8. e3
Nbd7 9. Be2 h6 10. O-O O-O 11. Qc2 c5 12. Rfe1 Rc8 13. Bf1 Qb6 14. Rad1 d5 15.
Ne5 Rfd8 16. Bd3 Nf8 17. Qe2 Ne6 18. Bh2 Nd7 19. f4 Nxe5 20. fxe5 Nf8 21. Rf1
e6 22. Rf2 a6 23. Bg3 Rd7 24. Bh4 Qa5 25. a3 b5 26. Rff1 Qb6 27. Kh1 c4 28. Bc2
a5 29. Be1 Qd8 30. Bd2 Nh7 31. e4 dxe4 32. Qxe4 b4 33. axb4 axb4 34. Ra1 b3 35.
Bd1 Ng5 36. Qf4 Ra8 37. Be2 Rc7 38. h4 Nh7 39. Qe4 Rac8 40. Ra4 Nf8 41. Qf4 h5
42. Kh2 Qd5 43. Rfa1 Nd7 44. Bf3 Qb5 45. Rb4 Bxe5 46. Rxb5 Bxf4+ 47. Bxf4 1-0

Bxf4+ 47. Bxf4 1-0

[Event "XX Cracovia-open B"]
[Site "Krakow"]
[Date "2009.12.29"]
[Round "3.6"]
[White "Zochowski, Kacper"]
[Black "Pietinen, Pekka"]
[Result "1/2-1/2"]
[WhiteElo "1850"]
[BlackElo "2055"]
[PlyCount "102"]
[EventDate "2009.??.??"]

1. e4 e5 2. Nf3 Nc6 3. Bb5 a6 4. Ba4 Nge7 5. c3 d6 6. d4 Bd7 7. Bg5 h6 8. Be3
Ng6 9. h4 Be7 10. h5 Nf8 11. Nbd2 Bf6 12. Rg1 b5 13. Bb3 Na5 14. g4 Nxb3 15.
Qxb3 Ne6 16. d5 Ng5 17. Nxg5 Bxg5 18. Nf3 f6 19. O-O-O O-O 20. Rg2 Qc8 21. Nh2
Kh8 22. Bxg5 fxg5 23. f3 Qb7 24. Rd3 Rf4 25. Nf1 Raf8 26. Qd1 Qb6 27. Ng3 Qc5
28. Nf5 Bxf5 29. gxf5 Rh4 30. Kb1 Qc4 31. Rc2 Rh1 32. Qxh1 Qxd3 33. Qg2 Qe3 34.
Re2 Qd3+ 35. Rc2 Qe3 36. Re2 Qd3+ 37. Rc2 Qe3 38. Qe2 Qb6 39. Qf2 Kg8 40. Qxb6
cxb6 41. Kc1 Rc8 42. Kd2 Kf7 43. b3 Ke7 44. c4 bxc4 45. bxc4 Kd7 46. Rb2 Kc7
47. a4 a5 48. Kd3 Kb7 49. Rc2 Kc7 50. Ke3 Kd7 51. Rb2 Rb8 1/2-1/2

1. Rb2 Rb8 1/2-1/2